Normal view
MARC view
- Supervisor Dr. Muhammad Usman Akram
Entry Corporate Name
001 - CONTROL NUMBER
- control field: 85027
003 - CONTROL NUMBER IDENTIFIER
- control field: NUST
005 - DATE AND TIME OF LATEST TRANSACTION
- control field: 20211124115357.0
008 - FIXED-LENGTH DATA ELEMENTS
- fixed length control field: 211124|| aca||aabn | a|a d
040 ## - CATALOGING SOURCE
- Original cataloging agency: NUST
- Transcribing agency: NUST
110 ## - HEADING--CORPORATE NAME
- Corporate name or jurisdiction name as entry element: Supervisor Dr. Muhammad Usman Akram
670 ## - SOURCE DATA FOUND
- Source citation: Work cat.: (NUST): Moneeb Abbas 85026, TH-SOF-1943-Detection of correct placement and presence of tubes on chest x-rays using Efficient Net, 2021.
